Trouvez l'état des Etats-Unis - Statistiques

Statistiques générales
  • Ce quiz a été pris 53 fois
  • Le résultat moyen est 31 sur 50
Réponses sur la Carte
Les réponses sont colorées sur une échelle allant du rouge au vert en fonction du pourcentage des utilisateurs qui les ont devinées à leur premier essai. Vous pouvez retrouver ces pourcentages ci-dessous.
 
Statistiques - réponses
Réponse % Correct
Alaska
91%
Californie
91%
Floride
91%
Hawai
91%
Dakota du sud
84%
Texas
84%
Washington
81%
Dakota du nord
78%
Caroline du sud
75%
Caroline du nord
72%
Nevada
72%
Illinois
69%
Rhode island
69%
Georgie
66%
Louisiane
66%
Maine
66%
Montana
66%
New york
66%
Virginie Occidentale
66%
Arizona
63%
New hampshire
63%
Nouveau Mexique
63%
Ohio
63%
Virginie
63%
Colorado
59%
Kentucky
59%
Massachusetts
59%
Minnesota
59%
Oklahoma
59%
Oregon
59%
Pennsylvanie
59%
Tennessee
59%
Indiana
53%
Michigan
53%
Mississippi
53%
Missouri
53%
Utah
53%
Connecticut
50%
Kansas
50%
New jersey
50%
Wyoming
50%
Alabama
47%
Arkansas
47%
Delaware
47%
Maryland
47%
Nebraska
47%
Vermont
47%
Idaho
44%
Iowa
41%
Wisconsin
41%
Aucun quiz correspondant
Distribution des résultats
% des personnes avec chaque résultat
Percentile par nombre de réponses
Votre historique - résultats
Vous n’avez pas pris ce quiz